书目信息 |
| 题名: |
汉字造意
|
|
| 作者: | 李职攀 著 | |
| 分册: | ||
| 出版信息: | 北京 中国文史出版社 2014.6 |
|
| 页数: | 31,417页 | |
| 开本: | 24cm | |
| 丛书名: | ||
| 单 册: | ||
| 中图分类: | H122 | |
| 科图分类: | ||
| 主题词: | 汉字--han zi--结构--研究 , 结构--jie gou , 研究--yan jiu | |
| 电子资源: | ||
| ISBN: | 978-7-5034-5014-3 | |
| 000 | 00816nam0 22002531 450 | |
| 001 | 0109172534 | |
| 005 | 20170309172534.0 | |
| 010 | @a978-7-5034-5014-3@dCNY58.00 | |
| 100 | @a20140916d2014 em y0chiy50 ea | |
| 101 | 0 | @achi |
| 102 | @aCN@b110000 | |
| 105 | @ay z 001yy | |
| 106 | @ar | |
| 200 | 1 | @a汉字造意@9han zi zao yi@f李职攀著 |
| 210 | @a北京@c中国文史出版社@d2014.6 | |
| 215 | @a31,417页@d24cm | |
| 330 | @a本书系中华汉字文化追根之作。细细品读,不仅可以知道汉字的最初造意,可以发现汉字本身存留的古代的许多信息,体会汉字中的奥秘,还可以发现汉语言发展演变的脉络。 | |
| 606 | 0 | @a汉字@9han zi@x结构@x研究 |
| 606 | 0 | @a结构@9jie gou |
| 606 | 0 | @a研究@9yan jiu |
| 690 | @aH122@v5 | |
| 701 | 0 | @a李职攀@9li zhi pan@f(1947~)@4著 |
| 801 | 0 | @aCN@bTANGWEI@c20170308 |
| 905 | @b0954381-3@dH122@e173@f3 | |
| 汉字造意/李职攀著 .-北京:中国文史出版社,2014.6 |
| 31,417页;24cm |
| ISBN 978-7-5034-5014-3:CNY58.00 |
| 本书系中华汉字文化追根之作。细细品读,不仅可以知道汉字的最初造意,可以发现汉字本身存留的古代的许多信息,体会汉字中的奥秘,还可以发现汉语言发展演变的脉络。 |
| ● |
| 相关链接 |
|
|
|
|
正题名:汉字造意
索取号:H122/173
 
预约/预借
| 序号 | 登录号 | 条形码 | 馆藏地/架位号 | 状态 | 备注 |
| 1 | 0954381 | 209543813 | 第二样本阅览室/ [索取号:H122/173] | 在馆 | |
| 2 | 0954382 | 209543822 | 第四借阅区/ [索取号:H122/173] | 在馆 | |
| 3 | 0954383 | 209543831 | 密集书库-文学院/ [索取号:H122/173] | 在馆 |